| 000 | 01222nam a22003497a 4500 | ||
|---|---|---|---|
| 001 | 000698 | ||
| 003 | DO-SdBPM | ||
| 005 | 20260304120428.0 | ||
| 007 | ta | ||
| 008 | 161114b 2003 sp a ||||| |||| 00| 0 spa d | ||
| 020 | _a8420443573 | ||
| 040 |
_aDO-SdBPM _bspa _cBPMSU _erda |
||
| 082 | 0 | 4 |
_a823.91 _bA291c 2003 _222 |
| 100 | 1 |
_aAiken, Joan, _d1924-2004 _eautor _4aut. |
|
| 245 | 1 | 0 |
_aCuentos del cuervo de Arabel / _cJoan Aiken ; ilustraciones de Quentin Blake ; traducción, Barbara Mcshane y Javier Alfaya. |
| 250 | _a5a ed. | ||
| 264 |
_aMadrid : _bAlfaguara, _c2003. |
||
| 300 |
_a229 páginas : _bilustraciones ; _c20 cm. |
||
| 336 |
_atexto _btxt _2rdacontent |
||
| 337 |
_asin mediación _bn _2rdamedia |
||
| 338 |
_avolumen _bnc _2rdacarrier |
||
| 490 | 0 | _aPróxima parada Alfaguara | |
| 500 | _aPara niños a partir de los 10 años. | ||
| 500 | _aIncluye datos de la autor | ||
| 534 |
_pTítulo original: _tTales of Arabel's raven. |
||
| 590 | _aInventariado, 2026/VM | ||
| 650 | 7 | _aCuentos infantiles ingleses. | |
| 650 | 7 |
_aCuervos _vCuentos infantiles |
|
| 700 | 1 |
_aBlake, Quentin, _d1932- _eilustraciones |
|
| 910 | _aVMateo V. Control de calidad. BPMSU | ||
| 942 |
_2ddc _cBK |
||
| 999 |
_c11951 _d11951 |
||